000 00853nam a2200229Ia 4500
003 OSt
005 20250521164720.0
008 191128t1992 ck a jr 000 f spa d
020 _a9580443815
040 _aCO-JMCR
_cCO-JMCR
041 _aspa
082 0 4 _aJ-N
_bDEAe
100 1 _aDean Myers, Walter,
_eautor
_96756
245 1 4 _aLos escorpiones /
_cWalter Dean Myers ; traducción Magdalena Holguín
260 _aBogotá :
_bNorma,
_c©1992
300 _a220 páginas ;
_c 21 cm.
490 0 _aZona libre
520 _aJamal no sólo tiene problemas con Dwayne, quien siempre lo incita a pelear; también le preocupan su hermano Randy, que está en la cárcel, y su madre, que trabaja demasiado para conseguir dinero para apelar el caso.
650 1 4 _2Literatura juvenil
700 _aHolguín, Magdalena,
_etraductora
_96757
942 _2ddc
_cBK
999 _c3588
_d3588